000 02643njm a2200493Ia 4500
001 36730
003 IT-RoPAU
005 20220918181124.0
008 131025s9999 xx 000 0 und d
040 _aIT-RoPAU
040 _cIT-RoPAU
999 _c100010
_d100010
999 _bn.d.
100 _aAA.VV.
_9794
100 _eAutore musica
_919332
100 _gCodice autore musica SPICS: 12000
_9796
245 _aKing of Swing
250 _a2a ed.
260 _aHOLLAND
260 _bPHILIPS
_c1968 [1a Ed.:1955 - Ed. Lingua Orig.: 1955]
300 _aDISCO
500 _aMusica jazz
505 _aAfter You've Gone - Body and Soul - Slipped Disc - Just One of Those Things - Oh, Lady Be Good - Rosetta - S.H.I.N.E - Memories of You - I've Found A New Baby
650 _aJAZZ [DISCHI]
_eCodice MATERIA SPICS: 9950
_919333
700 _aGoodman Benny
_gCodice interprete SPICS: 10538
_eInterprete
_919334
700 _aLayton T.
_gCodice autore musica SPICS: 16399
_eAutore musica
_pAfter You've Gone
_919335
700 _aCreamer H.
_gCodice autore SPICS: 16398
_eAutore
_pAfter You've Gone
_919336
700 _aHeyman Edward
_gCodice autore musica SPICS: 15566
_eAutore musica
_pBody and Soul
_919337
700 _aSour R.
_gCodice autore SPICS: 20664
_eAutore
_pBody and Soul
_919338
700 _aEyton F.
_gCodice autore testo/musica SPICS: 20329
_eAutore testo/musica
_pBody and Soul
_919339
700 _aGoodman Benny
_gCodice autore musica SPICS: 10538
_eAutore musica
_pSlipped Disc
_919340
700 _aPorter Cole
_gCodice autore musica SPICS: 13034
_eAutore musica
_pJust One of Those Things
_919341
700 _aGershwin George
_gCodice autore musica SPICS: 10668
_eAutore musica
_pOh, Lady Be Good
_919342
700 _aGershwin Ira
_gCodice autore SPICS: 10501
_eAutore
_pOh, Lady Be Good
_919343
700 _aHines Earl
_gCodice autore musica SPICS: 16156
_eAutore musica
_pRosetta
_919344
700 _aWoods H.W.
_gCodice autore SPICS: 16463
_eAutore
_pRosetta
_919345
700 _aDabney F.
_gCodice autore musica SPICS: 21466
_eAutore musica
_pS-H-I-N-E
_919346
700 _aMack C.
_gCodice autore SPICS: 20198
_eAutore
_pS-H-I-N-E
_919347
700 _aBrown L.
_gCodice autore testo/musica SPICS: 21800
_eAutore testo/musica
_pS-H-I-N-E
_919348
700 _aBlake Eubie
_gCodice autore musica SPICS: 10551
_eAutore musica
_pMemories of You
_919349
700 _aRazaf Andy
_gCodice autore SPICS: 10573
_eAutore
_pMemories of You
_919350
700 _aPalmer
_gCodice autore musica SPICS: 20149
_eAutore musica
_pI've Found A New Baby
_919351
700 _aWilliams Spencer
_gCodice autore SPICS: 10731
_eAutore
_pI've Found A New Baby
_919352
942 _cMD
_2ddc